| 000 | 00461nam a2200181Ia 4500 | ||
|---|---|---|---|
| 001 | 42966 | ||
| 008 | 140425s9999 xx 000 0 und d | ||
| 020 | _aNA | ||
| 040 | _cPK-LaUMT | ||
| 082 |
_aRHC 891.4393 _bQAD-K |
||
| 100 | _aQadeer Ghosi | ||
| 245 |
_aKhab kahani (Urdu) _bafsane _cQadeer Ghosi |
||
| 260 |
_aHyderabad,Pakistan: _bIdara-e-Anwaar-e-Adab, _c2008 |
||
| 300 | _a204 p. | ||
| 546 | _aUR | ||
| 650 | _aPakistani literature-Urdu | ||
| 942 | _cBK | ||
| 999 |
_c40978 _d40978 |
||